000 00619nam a2200193Ia 4500
005 20260120132107.0
008 008 260114s9999 xx 000 0 eng d
020 _a9781383015447
037 _aEBOOK
040 _aCRL
_beng
_cCRL
041 _aeng
_2eng
084 _qCRL
100 _aHalliday
_9934867
245 0 _aLawyers and the Rise of Western Political Liberalism Europe and North America from the Eighteenth to Twentieth Centuries
260 _bOxford University PressOxford University Press
_c2023
856 _uhttps://academic.oup.com/book/50397
942 _cEBOOK
999 _c1526790
_d1526790